Roads Containing… - “Ashby”, Loughborough - Statistics

General Stats
  • This quiz has been taken 6 times
  • The average score is 3 of 6
Answer Stats
“Ashby” Road % Correct
Ashby Road
100%
New Ashby Road
80%
Old Ashby Road
80%
Ashby Crescent
20%
Ashby Grove
20%
Ashby Square
20%
No matching quizzes found
Score Distribution
Percent of People with Each Score
Percentile by Number Answered
Your Score History
You have not taken this quiz